[Event "Berlin Unicorn op"]
[Site "Berlin"]
[Date "2004.05.20"]
[Round "2"]
[White "Pueschel, Werner"]
[Black "Schulz, Olaf"]
[Result "0-1"]
[WhiteElo "2164"]
[BlackElo "1845"]
[PlyCount "80"]
[EventDate "2004.05.??"]
[EventType "swiss"]
[EventRounds "7"]
[EventCountry "GER"]
[SourceTitle "CBM 100 Extra"]
[Source "ChessBase"]
[SourceDate "2004.07.06"]
[SourceVersion "2"]
[SourceVersionDate "2004.07.06"]
[SourceQuality "1"]

1. e4 e6 2. d3 b6 3. Nf3 Bb7 4. c3 c5 5. Qc2 d6 6. Be3 Nf6 7. h3 Nbd7 8. Nbd2 Qc7 9. Be2 d5 10. g4 Bd6 11. g5 Nh5 12. e5 Nxe5 13. Nxe5 d4 14. Qa4+ Ke7 15. Nef3 Bc6 16. Qb3 dxe3 17. fxe3 Ng3 18. Rg1 Nf5 19. Nf1 Bg3+ 20. Nxg3 Nxg3 21. Qc2 Rad8 22. 0-0-0 Kd7 23. d4 Nxe2+ 24. Qxe2 Kc8 25. Ne5 Bd5 26. Rgf1 Rhf8 27. h4 f5 28. Kb1 Kb7 29. Qh2 Qd6 30. Qf4 Be4+ 31. Ka1 Qc7 32. Rc1 Rd5 33. b3 Rfd8 34. Kb2 Rf8 35. Rf2 Rc8 36. Nc4 Qc6 37. Ne5 Qc7 38. c4 cxd4 39. exd4 Rxd4 40. Nf3 Qxf4 0-1

[Event "Berlin op 04"]
[Site "Berlin"]
[Date "2004.04.18"]
[Round "9"]
[White "Harndt, Jan Michael"]
[Black "Schulz, Olaf"]
[Result "1-0"]
[WhiteElo "1674"]
[BlackElo "1925"]
[PlyCount "79"]
[EventDate "2004.04.10"]
[EventType "swiss"]
[EventRounds "9"]
[EventCountry "GER"]
[SourceTitle "EXT 2007"]
[Source "ChessBase"]
[SourceDate "2006.11.23"]
[SourceVersion "1"]
[SourceVersionDate "2006.11.23"]
[SourceQuality "1"]

1. f4 d5 2. g3 Nf6 3. Bg2 e6 4. Nf3 c5 5. 0-0 Nc6 6. d3 Bd6 7. Nc3 0-0 8. e4 d4 9. Ne2 e5 10. f5 Be7 11. h3 h6 12. g4 Nh7 13. Ng3 Ng5 14. Qe2 Bd7 15. Nxg5 Bxg5 16. Nh5 f6 17. Rf3 Be8 18. Bxg5 hxg5 19. Kf2 Bxh5 20. gxh5 Kf7 21. Rg3 Rh8 22. Bf3 Qb6 23. b3 Rag8 24. Rag1 Qa5 25. Kf1 Qxa2 26. Qd1 Nb4 27. R1g2 Qa5 28. Kg1 Na2 29. Kh2 Nc3 30. Qg1 Rh7 31. h4 gxh4 32. Rg6 Qd8 33. h6 Qf8 34. Bh5 Ke7 35. Rxg7+ Rhxg7 36. Rxg7+ Kd6 37. Qg6 Rh8 38. h7 Rxh7 39. Rxh7 Qd8 40. Rf7 1-0

[Event "Berlin op 04"]
[Site "Berlin"]
[Date "2004.04.13"]
[Round "4"]
[White "Steinert, Christian"]
[Black "Schulz, Olaf"]
[Result "1/2-1/2"]
[WhiteElo "1967"]
[BlackElo "1925"]
[PlyCount "102"]
[EventDate "2004.04.10"]
[EventType "swiss"]
[EventRounds "9"]
[EventCountry "GER"]
[SourceTitle "EXT 2007"]
[Source "ChessBase"]
[SourceDate "2006.11.23"]
[SourceVersion "1"]
[SourceVersionDate "2006.11.23"]
[SourceQuality "1"]

1. e4 e6 2. d4 d5 3. e5 c5 4. c3 Qb6 5. Nf3 Bd7 6. dxc5 Bxc5 7. Qc2 a5 8. a4 Nc6 9. Bd3 Rc8 10. Qe2 Nge7 11. 0-0 Ng6 12. Na3 Na7 13. Nc2 Nc6 14. Bd2 Qc7 15. Rfe1 Ba7 16. b4 Bb8 17. Na3 Ncxe5 18. g3 Nxd3 19. Qxd3 0-0 20. b5 Qc5 21. h4 Bxg3 22. Be3 Qd6 23. Ng5 Bxh4 24. Ne4 Qc7 25. Nc5 Be7 26. b6 Qc6 27. Nxd7 Qxd7 28. Nb5 Rc4 29. Red1 Qd8 30. Kf1 Bc5 31. Qxc4 Bxe3 32. Qc7 Qf6 33. Qg3 Bxb6 34. Nd4 Rc8 35. Rab1 Bxd4 36. cxd4 Qe7 37. Rb5 h5 38. Rxa5 Qb4 39. Rb5 Qxa4 40. Rbb1 h4 41. Qf3 Qc4+ 42. Kg2 Qc7 43. Qe3 Rb8 44. Rdc1 Qf4 45. Rb6 h3+ 46. Kh1 Qf5 47. Rc7 Nh4 48. Rbxb7 Rxb7 49. Rxb7 Qg4 50. Rb8+ Kh7 51. Qd3+ g6 1/2-1/2

[Event "Berlin op 10"]
[Site "Berlin"]
[Date "2003.10.27"]
[Round "3"]
[White "Schulz, Olaf"]
[Black "Knopf, Roland"]
[Result "1/2-1/2"]
[WhiteElo "1935"]
[BlackElo "1808"]
[PlyCount "119"]
[EventDate "2003.10.13"]
[EventType "swiss"]
[EventRounds "7"]
[EventCountry "GER"]
[SourceTitle "EXT 2007"]
[Source "ChessBase"]
[SourceDate "2006.11.23"]
[SourceVersion "1"]
[SourceVersionDate "2006.11.23"]
[SourceQuality "1"]

1. d4 Nf6 2. c4 g6 3. Nc3 Bg7 4. e4 d6 5. f4 0-0 6. Nf3 c5 7. d5 e6 8. Bd3 exd5 9. cxd5 Re8 10. 0-0 a6 11. a4 c4 12. Bc2 Qb6+ 13. Kh1 Nbd7 14. Qe2 Qc7 15. Be3 b6 16. Nd2 Bb7 17. Qxc4 Qd8 18. Qe2 Qe7 19. Ra3 Rac8 20. Nc4 Nc5 21. Nxb6 Ncxe4 22. Nxe4 Nxe4 23. Bxe4 Qxe4 24. Nxc8 Rxc8 25. Qd3 Bxd5 26. Qxe4 Bxe4 27. Rc1 Rb8 28. Ba7 Bxb2 29. Bxb8 Bxc1 30. Rc3 Bxf4 31. Rc8+ Kg7 32. Rd8 Bc6 33. a5 Kf6 34. Bxd6 Be3 35. Rc8 Bb5 36. Bc5 Bd2 37. Bb6 Ke6 38. Kg1 Bf4 39. g3 Bd6 40. Kf2 Kd7 41. Rc1 h5 42. Bc5 Bc7 43. Bb6 Bd6 44. Rd1 Kc6 45. Kg2 Bc4 46. Bd8 Be6 47. Rc1+ Kb5 48. Rb1+ Kc5 49. Bg5 Be5 50. Rb6 Bc4 51. Be7+ Kd5 52. Kh3 Bc7 53. Rf6 Bxa5 54. Rxf7 Ke6 55. Rf4 Bd3 56. Bf6 Bf5+ 57. Kg2 Kxf6 58. Ra4 Bc3 59. Rxa6+ Ke5 60. h3 1/2-1/2

[Event "Berlin Lichtenberger Sommer 2nd"]
[Site "Berlin"]
[Date "2003.08.19"]
[Round "4.62"]
[White "Schulz, Olaf"]
[Black "Zimnol, Guenter"]
[Result "1-0"]
[WhiteElo "1796"]
[BlackElo "1545"]
[PlyCount "93"]
[EventDate "2003.08.16"]
[EventType "swiss"]
[EventRounds "9"]
[EventCountry "GER"]
[SourceTitle "EXT 2022"]
[Source "ChessBase"]
[SourceDate "2021.10.06"]
[SourceVersion "1"]
[SourceVersionDate "2021.10.06"]
[SourceQuality "1"]

1. d4 Nf6 2. c4 d6 3. Nc3 c6 4. e4 Qa5 5. Qc2 e5 6. d5 Be7 7. Bd3 Na6 8. Nge2 Nb4 9. Qd2 Nxd3+ 10. Qxd3 0-0 11. 0-0 Bd7 12. a3 Rac8 13. b4 Qc7 14. Bd2 h6 15. Rfc1 Nh7 16. b5 f5 17. Rab1 c5 18. a4 fxe4 19. Nxe4 Bf5 20. N2g3 Bg6 21. b6 axb6 22. Qb3 Ng5 23. Bxg5 Bxg5 24. Nxg5 hxg5 25. Rb2 Rf6 26. Qxb6 Qxb6 27. Rxb6 Rc7 28. f3 Rf4 29. Ne2 Rff7 30. Rxd6 Bd3 31. Nc3 Rf5 32. Rd8+ Rf8 33. Rxf8+ Kxf8 34. Nb5 Rd7 35. Rc3 Bg6 36. Re3 Bc2 37. Rxe5 Bxa4 38. Rxg5 Bxb5 39. cxb5 Rd6 40. Kf2 Kf7 41. Ke3 Kf6 42. h4 Rb6 43. d6 Rxb5 44. d7 Ke7 45. Rxg7+ Kd8 46. h5 c4 47. h6 1-0